77 British Trees by Leaf - Statistics

General Stats
  • This quiz has been taken 20 times
  • The average score is 14 of 73
Answer Stats
Picture Answer % Correct
Holly
83%
Hawthorn
67%
Rowan
67%
Horse Chestnut
61%
Ash
56%
European Larch
56%
Sycamore
56%
Juniper
50%
Wild Cherry
50%
Alder
44%
English Oak
44%
Hazel
44%
Sessile Oak
44%
Field Maple
33%
Hornbeam
33%
Scots Pine
33%
Silver Birch
33%
Yew
33%
Aspen
28%
Beech
28%
Eucalyptus
28%
Norway Spruce
28%
Turkey Oak
28%
Cypress
22%
English Elm
22%
Red Oak
22%
Sweet Chestnut
22%
Whitebeam
22%
Douglas Fir
17%
Holm Oak
17%
Monkey Puzzle
17%
Norway Maple
17%
Apple
11%
Crack Willow
11%
Downy Birch
11%
Elder
11%
London Plane
11%
Western Red Cedar
11%
Black Pine
6%
Black Poplar
6%
Blackthorn
6%
Cedar
6%
Common Box
6%
Dogwood
6%
Goat Willow
6%
Grey Willow
6%
Large-leaved Lime
6%
Pear
6%
Purging Buckthorn
6%
Sitka Spruce
6%
White Poplar
6%
Wych Elm
6%
Alder Buckthorn
0%
Arran Whitebeam
0%
Bay Willow
0%
Bird Cherry
0%
Black Walnut
0%
Cherry Plum
0%
Common Lime
0%
Crab Apple
0%
Field Elm
0%
Guelder Rose
0%
Hemlock
0%
Osier Willow
0%
Plum
0%
Plymouth Pear
0%
Rock Whitebeam
0%
Sour Cherry
0%
Spindle
0%
Walnut
0%
Wayfaring Tree
0%
White Willow
0%
Wild Service Tree
0%
No matching quizzes found
Score Distribution
Percent of People with Each Score
Percentile by Number Answered
Your Score History
You have not taken this quiz